All Roxette Songs - Statistics

General Stats
  • This quiz has been taken 8 times
  • The average score is 15 of 181
Answer Stats
Hint Answer % Correct
Look Sharp! The Look
100%
Look Sharp! Listen To Your Heart
86%
Look Sharp! Dangerous
71%
Joyride Fading Like A Flower (Every Time You Leave)
71%
Pretty Woman: Soundtrack It Must Have Been Love
71%
Pearls Of Passion: 1997 CD ReIssue It Must Have Been Love (Christmas For The Broken Hearted)
71%
Look Sharp! Dressed For Success
57%
Joyride Joyride
57%
Joyride Spending My Time
57%
Crash! Boom! Bang! Almost Unreal (Japanese Bonus Track)
43%
Tourism How Do You Do!
43%
Crash! Boom! Bang! Sleeping In My Car
43%
Baladas En Español | Crash! Boom! Bang! Crash! Boom! Bang!
29%
Don't Bore Us, Get To The Chorus! June Afternoon
29%
Tourism Queen Of Rain
29%
Charm School She's Got Nothing On (But Her Radio)
29%
Joyride Things Will Never Be The Same
29%
Have A Nice Day Wish I Could Fly
29%
Don't Bore Us, Get To The Chorus! You Don't Understand Me
29%
Look Sharp! Chances
14%
Joyride Church Of Your Heart
14%
Look Sharp! Cry
14%
Good Karma Good Karma
14%
Crash! Boom! Bang! Go To Sleep
14%
Look Sharp! Half A Woman, Half A Shadow
14%
Crash! Boom! Bang! Harleys & Indians (Riders In The Sky)
14%
Joyride Hotblooded
14%
Look Sharp! (I Could Never) Give You Up (Bonus Track)
14%
Don't Bore Us, Get To The Chorus! I Don't Want To Get Hurt
14%
Crash! Boom! Bang! I Love The Sound Of Crashing Guitars
14%
Joyride I Remember You
14%
Room Service Milk And Toast And Honey
14%
The Pop Hits Opportunity Nox
14%
Joyride Perfect Day
14%
Bag Of Trix Piece Of Cake
14%
Have A Nice Day Salvation
14%
Look Sharp! Shadow Of A Doubt
14%
Don't Bore Us, Get To The Chorus! She Doesn't Live Here Anymore
14%
Tourism Silver Blue
14%
Look Sharp! Sleeping Single
14%
Joyride | Pearls Of Passion Soul Deep
14%
Baladas En Español Soy Una Mujer
14%
Have A Nice Day Stars
14%
Joyride The Big L
14%
Tourism The Heart Shaped Sea
14%
Look Sharp! View From A Hill
14%
Crash! Boom! Bang! Vulnerable
14%
Joyride Watercolours In The Rain
14%
Charm School Way Out
14%
Good Karma Why Don't You Bring Me Flowers?
14%
Good Karma 20 BPM
0%
Have A Nice Day 7Twenty7
0%
Charm School After All
0%
Room Service: 2009 ReIssue All I Ever Wanted
0%
Crash! Boom! Bang! 2009 ReIssue Always Breaking My Heart
0%
Bag Of Trix Always The Last To Know
0%
Travelling Angel Passing
0%
Have A Nice Day Anymore
0%
Good Karma April Clouds
0%
The Ballad Hits A Thing About You
0%
Bag Of Trix Beautiful Boy
0%
Have A Nice Day Beautiful Things
0%
Crash! Boom! Bang! 2009 ReIssue Better Off On Her Own
0%
Charm School Big Black Cadillac
0%
Room Service: 2009 ReIssue Bla Bla Bla Bla Bla (You Broke My Heart)
0%
The Ballad Hits Breathe
0%
Room Service Bringing Me Down To My Knees
0%
Pearls Of Passion Call Of The Wild
0%
Tourism Cinnamon Street
0%
Tourism Come Back (Before You Leave)
0%
Baladas En Español Como La Lluvia En El Cristal
0%
Have A Nice Day Cooper
0%
Crash! Boom! Bang! 2009 ReIssue Crazy About You
0%
Have A Nice Day Crush On You
0%
Baladas En Español Cuanto Lo Siento
0%
Look Sharp! Dance Away
0%
Baladas En Español Directamente A Ti
0%
Look Sharp! 2009 ReIssue Don't Believe In Accidents
0%
Joyride (Do You Get) Excited?
0%
Crash! Boom! Bang! Do You Wanna Go The Whole Way?
0%
Travelling Easy Way Out
0%
Baladas En Español El Dia Del Amor
0%
Room Service Entering Your Heart (Japanese Bonus Track)
0%
Room Service: 2009 ReIssue Every Day
0%
Travelling Excuse Me Sir Do You Want Me To Check On Your Wife?
0%
Tourism Fingertips
0%
Crash! Boom! Bang! Fireworks
0%
Room Service Fool
0%
Good Karma From A Distance
0%
Pearls Of Passion From One Heart To Another
0%
Pearls Of Passion Goodbye To You
0%
Baladas En Español Habla El Corazon
0%
Charm School Happy On The Outside
0%
Have A Nice Day: 2009 ReIssue Happy Together
0%
Tourism Here Comes The Weekend
0%
Pearls Of Passion I Call Your Name
0%
Have A Nice Day: 2009 ReIssue I Know How You Love Me
0%
Charm School I'm Glad You Called
0%
Crash! Boom! Bang! I'm Sorry
0%
Charm School In My Own Way
0%
Have A Nice Day: 2009 ReIssue It Hurts
0%
Good Karma It Just Happens
0%
Travelling It's Possible
0%
Room Service It Takes You No Time To Get Here
0%
Have A Nice Day It Will Take A Long Long Time
0%
Have A Nice Day I Was So Lucky
0%
Room Service Jefferson
0%
Pearls Of Passion Joy of A Toy
0%
Bag Of Trix Joy Of A Toy
0%
Tourism Keep Me Waiting
0%
Joyride Knockin' On Every Door
0%
Bag Of Trix Let Your Heart Dance With Me
0%
Crash! Boom! Bang! Lies
0%
Pearls Of Passion Like Lovers Do
0%
Room Service Little Girl
0%
Have A Nice Day: 2009 ReIssue Little Miss Sorrow
0%
Room Service Looking For Jane
0%
Bag Of Trix Lo Siento
0%
Crash! Boom! Bang! Love Is All (Shine Your Light On Me)
0%
Travelling Lover Lover Lover
0%
Joyride: 2009 ReIssue Love Spins
0%
Room Service Make My Head Go Pop
0%
Have A Nice Day: 2009 ReIssue Makin' Love To You
0%
Travelling Me & You & Terry & Julie
0%
Have A Nice Day: 2009 ReIssue Myth
0%
Room Service My World My Love My Life
0%
Pearls Of Passion Neverending Love
0%
Tourism Never Is A Long Time
0%
Have A Nice Day: 2009 ReIssue New World
0%
Charm School No One Makes It On Her Own
0%
Baladas En Español No Se Si Es Amor
0%
Look Sharp! 2009 ReIssue One Is Such A Lonely Number
0%
A Collection Of Roxette Hits: Their 20 Greatest Songs! One Wish
0%
Charm School Only When I Dream
0%
Look Sharp! Paint
0%
Have A Nice Day Pay The Price
0%
Bag Of Trix Pearls And Passion
0%
Travelling Perfect Excuse
0%
Joyride Physical Fascination
0%
Crash! Boom! Bang! Place Your Love
0%
Bag Of Trix Pocketful Of Rain
0%
Baladas En Español Quiero Ser Como Tu
0%
Room Service Real Sugar
0%
A Collection Of Roxette Hits: Their 20 Greatest Songs! Reveal
0%
Crash! Boom! Bang! Run To You
0%
Pearls Of Passion Secrets That She Keeps
0%
Joyride: 2009 ReIssue Seduce Me
0%
Crash! Boom! Bang! 2009 ReIssue | Travelling See Me
0%
Charm School Sitting On Top Of The World
0%
Joyride Small Talk
0%
Pearls Of Passion | Tourism So Far Away
0%
Good Karma Some Other Summer
0%
Charm School Speak To Me
0%
Have A Nice Day Staring At The Ground
0%
Room Service: 2009 ReIssue Stupid
0%
Pearls Of Passion Surrender
0%
Room Service The Centre Of The Heart
0%
Crash! Boom! Bang! The First Girl On The Moon
0%
Tourism The Rain
0%
Joyride: 2009 ReIssue The Sweet Hello, The Sad Goodbye
0%
Look Sharp! The Voice (Bonus Track)
0%
Room Service: 2009 ReIssue The Weight Of The World
0%
Good Karma This One
0%
Baladas En Español Timida
0%
Travelling Touched By The Hand Of God
0%
Room Service Try (Just A Little Bit Harder)
0%
Travelling Turn Of The Tide
0%
Pearls Of Passion: 1997 CD ReIssue Turn To Me
0%
Baladas En Español Una Reina Va Detrás De Un Rey
0%
Baladas En Español Un Dia Sin Ti
0%
Pearls Of Passion Voices
0%
Have A Nice Day Waiting For The Rain
0%
Crash! Boom! Bang! What's She Like?
0%
Good Karma Why Doncha?
0%
Good Karma You Can't Do This To Me Anymore
0%
Have A Nice Day You Can't Put Your Arms Around What's Already Gone
0%
Good Karma You Make It Sound So Simple
0%
No matching quizzes found
Score Distribution
Percent of People with Each Score
Percentile by Number Answered
Your Score History
You have not taken this quiz